000
00326nam a22001457a 4500
008
210607b ||||| |||| 00| 0 eng d
020
_a
9780176331054
041
_a
eng
080
_a
316
082
_a
316
100
_a
50
101
_a
SOC
245
_a
Social and Personality Development
_c
Karl Hennig
942
_2
udc
_c
BK
999
_c
58049
_d
58049